000 01878cam a22005054i 4500
003 PE-LiUPU
005 20250731173036.0
008 160726s2017 miua rb 001 0 eng d
020 _a1940980151
_q(paperback)
020 _a9781940980157
_q(paperback)
035 _a(Sirsi) i9781940980157
040 _aOTZ
_beng
_erda
_cOTZ
_dOCLCO
_dUPM
_dOCLCF
_dPE-LiUPU
049 _aPRUA
050 0 0 _aBS680.T4
_bE37 2017
082 0 0 _a221.64
_bE11
_223
245 0 0 _aEarthly shadows, heavenly realities :
_btemple/sanctuary cosmology in ancient Near Eastern, biblical, and early Jewish literature /
_cedited by Kim Papaioannou and Ioannis Giantzaklidis.
264 1 _aBerrien Springs :
_bAndrews University Press,
_c2017.
300 _axiii, 367 páginas ;
_c23 centímetros
336 _atext
_2rdacontent
337 _aunmediated
_2rdamedia
338 _avolume
_2rdacarrier
504 _aIndice : páginas 345-363.
505 0 _aAncient near east -- Old testament -- New testament -- Early jewish literature.
526 _aSEG42
526 _aSEG41
526 _aSEG40
526 _aSEG39
526 _aP94
526 _aP87
526 _aP86
526 _aP85
526 _aP77
526 _aP76
526 _aP35
650 0 _aTemple of God.
700 1 _aGiantzaklidis, Ioannis,
_eeditor.
700 1 _aPapaioannou, Kim,
_eeditor.
910 _adbm
_bncf
_cncf
_d20171213
942 _2ddc
_cBOOK
949 _a221.64 E11
_wDEWEY
_c1
_i77608
_lCATALOGING
_mBUL
_p19.99
_r0
_sY
_tBOOK
_u2017-12-13
_xPOSGRADO
_PP85
_0COMPRA
_o.STAFF. Colección Teología.
994 _aC0
_bPEPRU
596 _a1
999 _a221.64 E11
_wDEWEY
_c26139
_i77608
_f2021-11-9
_g4
_lCCODEBUL1
_mBUL
_p19.99
_r0
_sY
_tBOOK
_u2017-12-13
_xTEOLOGIA
_PP85
_0COMPRA
_o.STAFF. Colección Teología.
_d26139
980 _81
_gALBERTO SANCHEZ Responsable de Automatización